Culture and society / (Record no. 22872)

MARC details
000 -LEADER
fixed length control field 00599 a2200217 4500
001 - CONTROL NUMBER
control field 145210
003 - CONTROL NUMBER IDENTIFIER
control field OSt
005 - DATE AND TIME OF LATEST TRANSACTION
control field 20210305115349.0
008 - FIXED-LENGTH DATA ELEMENTS--GENERAL INFORMATION
fixed length control field
020 ## - INTERNATIONAL STANDARD BOOK NUMBER
International Standard Book Number 9788132113904
082 ## - DEWEY DECIMAL CLASSIFICATION NUMBER
Classification number 306.0954
Item number C89C
245 1# - TITLE STATEMENT
Title Culture and society /
Statement of responsibility, etc edited by Susan Visvanathan
260 ## - PUBLICATION, DISTRIBUTION, ETC. (IMPRINT)
Place of publication, distribution, etc New Delhi :
Name of publisher, distributor, etc Sage,
Date of publication, distribution, etc 2014,
300 ## - PHYSICAL DESCRIPTION
Extent xxxiii, 377p.
490 ## - SERIES STATEMENT
Series statement Readings in Indian Sociology
Volume number/sequential designation V. 9
630 ## - SUBJECT ADDED ENTRY--UNIFORM TITLE
Uniform title Social Work
690 ## - LOCAL SUBJECT ADDED ENTRY--TOPICAL TERM (OCLC, RLIN)
Topical term or geographic name as entry element India; Culture; Intellectual life
700 ## - ADDED ENTRY--PERSONAL NAME
Personal name Visvanathan, Susan, ed.
800 ## - SERIES ADDED ENTRY--PERSONAL NAME
Personal name Modi, Ishwar, ed.
942 ## - ADDED ENTRY ELEMENTS (KOHA)
Source of classification or shelving scheme Dewey Decimal Classification
Koha item type Books
Holdings
Withdrawn status Lost status Damaged status Not for loan Home library Current library Date acquired Cost, normal purchase price Total Checkouts Full call number Barcode Date last seen Price effective from Koha item type Source of classification or shelving scheme Source of acquisition Use restrictions Collection code
        Central University Of Rajasthan Central University Of Rajasthan 19/05/2014 0.00   306.0954 V82C 19114 21/11/2024 02/09/2020 Books        
        Central University Of Rajasthan Central University Of Rajasthan 05/03/2021     306.0954 C89C 34855 05/03/2021 05/03/2021 Books Dewey Decimal Classification Department of Culture and Media Studies    
        Central University Of Rajasthan Central University Of Rajasthan 05/03/2021     306.0954 C89C 34856 05/03/2021 05/03/2021 Books Dewey Decimal Classification Department of Culture and Media Studies    
        Central University Of Rajasthan Central University Of Rajasthan 05/03/2021     306.0954 C89C 34857 05/03/2021 05/03/2021 Books Dewey Decimal Classification Department of Culture and Media Studies    
        Central University Of Rajasthan Central University Of Rajasthan 05/03/2021     306.0954 C89C 34858 05/03/2021 05/03/2021 Books Dewey Decimal Classification Department of Culture and Media Studies    
        Central University Of Rajasthan Central University Of Rajasthan 05/03/2021     306.0954 C89C 34859 05/03/2021 05/03/2021 Books Dewey Decimal Classification Department of Culture and Media Studies Restricted Access Reserve Text Book